Liste der Münchner Straßenbahnlinien - Statistiken

Allgemein
  • Dieses Quiz wurde 75 mal gespielt
  • Das Durchschnittsergebnis liegt bei 11 aus 12
Antwortstatistiken
Hint Antwort % Korrekt
Romanplatz-Scheidplatz 12
93%
Romanplatz-Effnerplatz-(St Emmeram) 16
93%
Pasing Bahnhof-Berg am Laim Bahnhof 19
93%
Amalienburgstraße-St Emmeram 17
91%
Gondrellplatz-Schwanseestraße 18
91%
Westfriedhof-St-Veit-Straße 21
91%
Schwabing Nord-Münchner Freiheit 23
89%
Max-Weber-Platz-Grünwald Derbolfinger Platz 25
89%
Moosach Bahnhof-Karlsplatz (Stachus) 20
88%
Petuelring-Sendlinger Tor 27
88%
Scheidplatz-Sendlinger Tor 28
88%
Willibaldplatz-Hochschule München 29
84%
Keine übereinstimmenden Quizze gefunden
Verteilung der Resultate
Anzahl Personen mit jedem Resultat
Perzentil nach korrekt beantworteten Fragen
Ihre Resultats-Entwicklung
Sie haben dieses Quiz noch nicht gespielt